书目信息 |
| 题名: |
水力能与海洋能及地热能技术与应用
|
|
| 作者: | 钱伯章 编 | |
| 分册: | ||
| 出版信息: | 北京 科学出版社 2010.08 |
|
| 页数: | 124页 | |
| 开本: | 24cm | |
| 丛书名: | 新能源技术丛书 | |
| 单 册: | ||
| 中图分类: | TK79 , P743 , TK529 , TK79 | |
| 科图分类: | ||
| 主题词: | 水能--应用 , 海洋动力资源--资源利用 , 地热能--应用 , 水能 , 海洋动力资源 , 资源利用 , 地热能 | |
| 电子资源: | ||
| ISBN: | 978-7-03-028173-9 | |
| 000 | 01075oam2 2200361 450 | |
| 001 | 010010017628 | |
| 005 | 20170327082743.59 | |
| 010 | @a978-7-03-028173-9@dCNY22.00 | |
| 100 | @a20100812d2010 em y0chiy0110 ea | |
| 101 | 0 | @achi |
| 102 | @aCN@b110000 | |
| 105 | @aak z 000yy | |
| 106 | @ar | |
| 200 | 1 | @a水力能与海洋能及地热能技术与应用@9shui li neng yu hai yang neng ji di re neng ji shu yu ying yong@f钱伯章编 |
| 210 | @a北京@c科学出版社@d2010.08 | |
| 215 | @a124页@c图@d24cm | |
| 225 | 2 | @a新能源技术丛书 |
| 330 | @a本书详尽介绍了世界和中国在水力能、海洋能和地热能领域的发展现状与前景,评述了国内外在这一领域的最新科技成果。 | |
| 461 | 0 | @12001 @a新能源技术丛书 |
| 606 | 0 | @a水能@x应用 |
| 606 | 0 | @a海洋动力资源@x资源利用 |
| 606 | 0 | @a地热能@x应用 |
| 606 | 0 | @a水能 |
| 606 | 0 | @a海洋动力资源 |
| 606 | 0 | @a资源利用 |
| 606 | 0 | @a地热能 |
| 690 | @aTK79@v5 | |
| 690 | @aP743@v5 | |
| 690 | @aTK529@v5 | |
| 690 | @aTK79@v4 | |
| 701 | 0 | @a钱伯章@9qian bo zhang@4编 |
| 801 | 0 | @aCN@bRENTIAN@c20100812 |
| 905 | @b980412-15@dTK79@e132@f4 | |
| 水力能与海洋能及地热能技术与应用/钱伯章编.-北京:科学出版社,2010.08 |
| 124页:图;24cm.-(新能源技术丛书) |
| ISBN 978-7-03-028173-9:CNY22.00 |
| 本书详尽介绍了世界和中国在水力能、海洋能和地热能领域的发展现状与前景,评述了国内外在这一领域的最新科技成果。 |
| ● |
| 相关链接 |
|
|
|
|
正题名:水力能与海洋能及地热能技术与应用
索取号:TK79/132
 
预约/预借
| 序号 | 登录号 | 条形码 | 馆藏地/架位号 | 状态 | 备注 |
| 1 | 980412 | 209804121 | 第二样本阅览室/ [索取号:TK79/132] | 在馆 | |
| 2 | 980413 | 209804130 | 化学系资料室/ [索取号:TK79/132] | 在馆 | |
| 3 | 980414 | 209804149 | 第三借阅区/ [索取号:TK79/132] | 在馆 | |
| 4 | 980415 | 209804158 | 第三借阅区/ [索取号:TK79/132] | 在馆 |